Fr. Conceicao Rodrigues College of Engineering

Robotics (Record no. 30109)

MARC details
000 -LEADER
fixed length control field 00267nam a2200133Ia 4500
082 ## - DEWEY DECIMAL CLASSIFICATION NUMBER
Classification number 629.892
Item number MAN
100 ## - MAIN ENTRY--PERSONAL NAME
Personal name Manjunath/ T.C.
245 ## - TITLE STATEMENT
Title Robotics
260 ## - PUBLICATION, DISTRIBUTION, ETC.
Name of publisher, distributor, etc. H.N. Publications
Date of publication, distribution, etc. 2000
546 ## - LANGUAGE NOTE
Language note ENGLISH
654 ## - SUBJECT ADDED ENTRY--FACETED TOPICAL TERMS
Focus term robotic
942 ## - ADDED ENTRY ELEMENTS (KOHA)
Koha item type BOOK
Holdings
Withdrawn status Lost status Damaged status Not for loan Collection Home library Current library Date acquired Inventory number Total Checkouts Full call number Barcode Date last seen Price effective from Koha item type Date due Date last checked out
        CRC Fr. Agnel's C.Rodrigues College of Engineering Fr. Agnel's C.Rodrigues College of Engineering 17/03/2023 3427   629.892 MAN 11441 17/03/2023 17/03/2023 BOOK    
        CRC Fr. Agnel's C.Rodrigues College of Engineering Fr. Agnel's C.Rodrigues- College of Engineering 17/03/2023   1 629.892 MAN 11442 05/06/2023 17/03/2023 BOOK 21/05/2010 05/06/2023